000 00647nam a2200253Ia 4500
003 OSt
005 20221007101333.0
006 a|||||r|||| 00| 0
007 ta
008 221006b |||||||| |||| 00| 0 eng d
024 _a6,275
037 _cTextual
040 _aLCO
_cLCO
_beng
041 _2eng
_aeng
082 _aZv2, L4
100 _aRuthnaswamy M.
245 0 _aLegislation
_b Principles and Practice
250 _a1st
260 _aDelhi
_bD. K. Publishing House India
_c1974
300 _a262
650 _aLEGISLATION
_9688906
942 _hZv2, L4
_cTEXL
999 _c1175838
_d1175838